000 00382nam a2200145Ia 4500
008 200619s9999 xx 000 0 und d
020 _a9788187733430
082 _a305.56DAS
100 _aBhagwan Das
245 0 _aUntouchable Soldiers
264 _aNew Delhi
_bGautam Book Centre
_c2008
300 _a51
942 _cIR
999 _c119596
_d119596